| 000 | 00354nam a2200145Ia 4500 | ||
|---|---|---|---|
| 008 | 150201s2006 xx 000 0 und d | ||
| 082 |
_a615.82 _bP06R |
||
| 100 | _aRAJ, GALDY. SAMUAL | ||
| 245 | _aPHYSIOTHERAPY IN NEURO CANDITION | ||
| 250 | _a1ST | ||
| 260 |
_bJAPEE _aDELHI _c2006 |
||
| 300 | _a1-316 | ||
| 650 | _aPHYSIOTHERAPY | ||
| 942 |
_2ddc _cBK _012 |
||
| 999 |
_c1380 _d1380 |
||